[Event "Petrolina Cordioli Memorial op"]
[Site "Petrolina"]
[Date "2007.10.21"]
[Round "6"]
[White "Gomes, Brendo Rodrigues"]
[Black "Mendes, Raphael de Lima"]
[Result "1/2-1/2"]
[WhiteElo "1846"]
[BlackElo "1800"]
[PlyCount "39"]
[EventDate "2007.10.09"]
[EventType "swiss"]
[EventRounds "7"]
[EventCountry "BRA"]
[SourceTitle "EXT 2022"]
[Source "ChessBase"]
[SourceDate "2021.10.06"]
[SourceVersion "1"]
[SourceVersionDate "2021.10.06"]
[SourceQuality "1"]

1. d4 d5 2. e3 Nf6 3. Bd3 Nc6 4. c3 e5 5. dxe5 Nxe5 6. Nf3 Bg4 7. Be2 Nxf3+ 8. Bxf3 Bxf3 9. Qxf3 Bc5 10. 0-0 0-0 11. b4 Bb6 12. Nd2 Re8 13. Bb2 c6 14. Rad1 Ne4 15. c4 Nxd2 16. Rxd2 Re4 17. cxd5 cxd5 18. Bd4 Bxd4 19. Rxd4 Rxd4 20. exd4 1/2-1/2

[Event "Petrolina Cordioli Memorial op"]
[Site "Petrolina"]
[Date "2007.10.20"]
[Round "4"]
[White "Cordioli, Jairo Ribeiro"]
[Black "Mendes, Raphael de Lima"]
[Result "1/2-1/2"]
[WhiteElo "1919"]
[BlackElo "1800"]
[PlyCount "70"]
[EventDate "2007.10.09"]
[EventType "swiss"]
[EventRounds "7"]
[EventCountry "BRA"]
[SourceTitle "EXT 2022"]
[Source "ChessBase"]
[SourceDate "2021.10.06"]
[SourceVersion "1"]
[SourceVersionDate "2021.10.06"]
[SourceQuality "1"]

1. c4 e5 2. g3 c6 3. Bg2 Bc5 4. Nc3 d6 5. e3 Be6 6. d3 Nd7 7. Nge2 Ne7 8. 0-0 0-0 9. Ne4 f6 10. b3 Bf5 11. d4 Bxe4 12. Bxe4 Bb6 13. Ba3 Bc7 14. dxe5 dxe5 15. Qc2 g6 16. Bg2 Rf7 17. Rad1 Qe8 18. Rd3 Rd8 19. Rfd1 Nc8 20. c5 Nf8 21. Rxd8 Bxd8 22. Nc3 Rd7 23. b4 Rxd1+ 24. Qxd1 Qd7 25. Qxd7 Nxd7 26. b5 Ne7 27. bxc6 bxc6 28. Bf1 f5 29. f4 Ba5 30. Bc4+ Kg7 31. Ne2 Kf6 32. h4 Nd5 33. Kf2 Nc3 34. Nxc3 Bxc3 35. Ke2 a5 1/2-1/2